banner

Salud electrónica en América Latina y el Caribe: (Registro nro. 1461)

000 -LEADER
fixed length control field 01749nam a22002177 4500
003 - CONTROL NUMBER IDENTIFIER
control field AR-BaISA
005 - DATE AND TIME OF LATEST TRANSACTION
control field 20231020133358.0
007 - PHYSICAL DESCRIPTION FIXED FIELD--GENERAL INFORMATION
fixed length control field ta
008 - FIXED-LENGTH DATA ELEMENTS--GENERAL INFORMATION
fixed length control field 231020s2010 ag |||| |||| 000 0 spa d
040 ## - CATALOGING SOURCE
Language of cataloging spa
Transcribing agency AR-BaISA
082 04 - DEWEY DECIMAL CLASSIFICATION NUMBER
Edition number 22
Classification number 610.28 F392
245 10 - TITLE STATEMENT
Title Salud electrónica en América Latina y el Caribe:
Remainder of title avances y desafíos /
Statement of responsibility, etc. Andrés Fernández y Enrique Oviedo (editores)
260 ## - PUBLICATION, DISTRIBUTION, ETC.
Place of publication, distribution, etc. Santiago de Chile:
Name of publisher, distributor, etc. Naciones Unidas,
Date of publication, distribution, etc. 2010
300 ## - PHYSICAL DESCRIPTION
Extent 189 p.
504 ## - BIBLIOGRAPHY, ETC. NOTE
Bibliography, etc. note Bibliografía p.: 183-189.
505 ## - FORMATTED CONTENTS NOTE
Title Potencialidades de la salud electrónica en el contexto social y epidemiológico de América Latina y el Caribe --
-- Antecedentes y aplicaciones de salud electrónica en Argentina --
-- Iniciativas de telesalud en Brasil --
-- Tecnologías de información y comunicación en salud: proyectos habilitantes y aplicaciones en Chile --
-- Regulaciones, aplicaciones y desafíos para la salud electrónica en Colombia --
-- Telesalud en Costa Rica: experiencias y retos --
-- Potencialidades para el desarrollo de la salud electrónica en Ecuador --
-- Política, programas y proyectos de salud electrónica en México --
-- Programa Nacional de Telemedicina y Telesalud en Panamá --
-- Salud electrónica en el Perú: un tema urgente --
-- Principales hitos y desafíos para Uruguay en el desarrollo de la salud electrónica --
-- Proyectos tecnológicos para la salud electrónica en la República Bolivariana de Venezuela --
-- Sistemas de información para la salud pública en el Caribe --
-- Experiencia española en sanidad electrónica: contrapuntos para América Latina y el Caribe
650 10 - SUBJECT ADDED ENTRY--TOPICAL TERM
9 (RLIN) 3138
Topical term or geographic name entry element Telemedicina
Geographic subdivision América Latina
700 1# - ADDED ENTRY--PERSONAL NAME
9 (RLIN) 3139
Personal name Fernández, Andrés
Relator term ed.
700 1# - ADDED ENTRY--PERSONAL NAME
9 (RLIN) 3140
Personal name Oviedo, Enrique
Relator term ed.
942 ## - ADDED ENTRY ELEMENTS (KOHA)
Source of classification or shelving scheme
Koha item type Libros
Edition 22
Existencias
Withdrawn status Lost status Source of classification or shelving scheme Damaged status Not for loan Permanent Location Current Location Date acquired Inventory number Full call number Barcode Date last seen Price effective from Koha item type
          Biblioteca ISALUD. Dr. Néstor Rodríguez Campoamor Biblioteca ISALUD. Dr. Néstor Rodríguez Campoamor 2023-10-20 1265 610.28 F392 1265 2023-10-20 2023-10-20 Libros